| 000 | 00635nam a2200181Ia 4500 | ||
|---|---|---|---|
| 001 | 16337 | ||
| 005 | 20260306170302.0 | ||
| 008 | 260306t2019||||xx |||||||||||||| ||und|| | ||
| 041 | _aESP | ||
| 082 |
_a348.3 _bT33 |
||
| 100 |
_aTejada Gurmendi, Jaime _eAUT |
||
| 245 | 0 |
_aJurisprudencia para el desarrollo de actividades mineras en el Perú: _bTUO de la Ley General de Minería concordado, con antecedentes y jurisprudencia del Tribunal Constitucional y Tribunales Administrativos vinculados al sector minero |
|
| 260 | _c2019 | ||
| 300 |
_a413 páginas : _c25 cm. |
||
| 650 | _aGEN | ||
| 654 | _aCDE | ||
| 942 |
_cLIB _dJUS _fJUS _2ddc _n |
||
| 999 |
_c16337 _d16337 |
||